Nonlinear programming
Αποθηκεύτηκε σε:
| Κύριος συγγραφέας: | |
|---|---|
| Μορφή: | Βιβλίο |
| Γλώσσα: | English |
| Δημοσίευση: |
Belmont, Mass. :
Athena Scientific,
c1999, 2003.
|
| Έκδοση: | 2η εκδ. |
| Θέματα: | |
| Ετικέτες: |
Προσθήκη ετικέτας
Δεν υπάρχουν, Καταχωρήστε ετικέτα πρώτοι!
|
MARC
| LEADER | 00000cam a2200000 i 4500 | ||
|---|---|---|---|
| 001 | 1/54779 | ||
| 008 | 070913s19992003mau| ||| |||| ||eng|| | ||
| 020 | |a 1886529000 | ||
| 035 | |l 10090673 | ||
| 040 | |a GR-MyUa |b gre |e AACR2 | ||
| 041 | 0 | |a eng | |
| 082 | 7 | |a 519.76 |2 (22) | |
| 100 | 1 | |a Bertsekas, Dimitri P. | |
| 245 | 1 | 0 | |a Nonlinear programming / |c Dimitri P. Bertsekas. |
| 250 | |a 2η εκδ. | ||
| 260 | |a Belmont, Mass. : |b Athena Scientific, |c c1999, 2003. | ||
| 300 | |a xiv, 777 σ. : |b εικ. ; |c 25 εκ. | ||
| 500 | |a Το Παράρτημα Σάμου διαθέτει την 2η έκδοση [2η εκτύπωση] 2003, (xiv, 786 σ.). | ||
| 504 | |a Βιβλιογραφία : σ. 735-771. Ευρετήριο. | ||
| 650 | 0 | |a Nonlinear programming. | |
| 650 | 0 | |a Mathematical optimization. | |
| 852 | |a INST |b CHIOS |e 20070913 |h 519.76 BER |p 005200025533 |q 005200025533 |t BK |y 0 | ||
| 852 | |a INST |b SAMOS |e 20080306 |h 519.76 BER |p 005300026712 |q 005300026712 |t BK |y 0 | ||
| 901 | |a BIBL3-2008-1 | ||
| 901 | |a BIBL2-2007-3 | ||
| 922 | |a 3ΕΛΗ |b 200801 |c ΕΠΕΑΕΚ2/ΤΣΑΕ |d ΠΑΠΑΣΩΤΗΡΙΟΥ | ||
| 922 | |a 2ΕΛΗ |b 200709 |c ΕΠΕΑΕΚ2/ΤΜΟΔ |d ΠΑΠΑΣΩΤΗΡΙΟΥ | ||
| 970 | |a ΒΑΡΦΗΣ |b ΒΑΓΓΕΛΗΣ |z 2007/09/13 | ||